Concrete technology (Record no. 4023)

000 -LEADER
fixed length control field 00455nam a22001817a 4500
001 - CONTROL NUMBER
control field 4023
003 - CONTROL NUMBER IDENTIFIER
control field BD-DhUET
008 - FIXED-LENGTH DATA ELEMENTS--GENERAL INFORMATION
fixed length control field 141111b xxu||||| |||| 00| 0 eng d
040 ## - CATALOGING SOURCE
Transcribing agency 0
Modifying agency BD-DhUET
082 ## - DEWEY DECIMAL CLASSIFICATION NUMBER
Classification number 620.136
Item number SHE/1982
100 ## - MAIN ENTRY--PERSONAL NAME
Personal name Shetty, M. S.
245 ## - TITLE STATEMENT
Title Concrete technology
Remainder of title theory and practice
250 ## - EDITION STATEMENT
Edition statement 1st ed.
260 ## - PUBLICATION, DISTRIBUTION, ETC. (IMPRINT)
Place of publication, distribution, etc. New Delhi
Name of publisher, distributor, etc. S. Chand
Date of publication, distribution, etc. 1982
300 ## - PHYSICAL DESCRIPTION
Extent xiv, 592p.
Other physical details ill.
650 #0 - SUBJECT ADDED ENTRY--TOPICAL TERM
Topical term or geographic name as entry element Concrete - Engineering
942 ## - ADDED ENTRY ELEMENTS (KOHA)
Koha item type General Book
Holdings
Source of classification or shelving scheme Copy number Price effective from Koha full call number Koha date last borrowed Location (home branch) Lost status Not for loan Koha collection Shelving location Koha item type Koha normalized classification for sorting Sublocation or collection (holding branch) Damaged status Date acquired Koha issues (times borrowed) Withdrawn status Koha date last seen Piece designation (barcode)
 22014-11-11620.136/SHE/19822014-11-11Central Library, BUET   Circulation sectionGeneral Book620_000000000000000_136SHE1982Central Library, BUET 2014-11-111 2014-12-2358310
 12014-11-16620.136/SHE/19822014-11-16Central Library, BUET   Circulation sectionGeneral Book620_000000000000000_136SHE1982Central Library, BUET 2014-11-161 2017-06-0556438
 32014-11-18620.136/SHE/19822014-11-18Central Library, BUET   Circulation sectionGeneral Book620_136000000000000_SHE_1982Central Library, BUET 2014-11-181 2016-09-0358315
 42014-11-26620.136/SHE/19822016-03-05Central Library, BUET   Circulation sectionGeneral Book620_000000000000000_136SHE1982Central Library, BUET 2014-11-262 2016-08-2158312
 52015-02-05620.136/SHE/1982 Central Library, BUET  Non FictionCirculation sectionGeneral Book620_136000000000000_SHE_1982Central Library, BUET 2015-02-05  2015-02-0558311
 62015-06-14620.136/SHE/1982 Central Library, BUET   Reading sectionReading Item620_136000000000000_SHE_1982Central Library, BUET 2015-06-14  2015-06-1458308
 72015-06-15620.136/SHE/1982 Central Library, BUET   Reading sectionReading Item620_136000000000000_SHE_1982Central Library, BUET 2015-06-15  2015-06-1558309
 82015-06-16620.136/SHE/1982 Central Library, BUET   Reading sectionReading Item620_136000000000000_SHE_1982Central Library, BUET 2015-06-16  2015-06-1658313
 92015-06-16620.136/SHE/1982 Central Library, BUET   Reading sectionReading Item620_136000000000000_SHE_1982Central Library, BUET 2015-06-16  2015-06-1658314
 102015-06-20620.136/SHE/1982 Central Library, BUET   Reading sectionReading Item620_136000000000000_SHE_1982Central Library, BUET 2015-06-20  2015-06-2058316
 112015-06-23620.136/SHE/1982 Central Library, BUET   Reading sectionReading Item620_136000000000000_SHE_1982Central Library, BUET 2015-06-23  2015-06-2355327